LIBRARY ONLINE CATALOGUE

Financial reporting, financial statement analysis, and valuation : (Record no. 18891)

MARC details
000 -LEADER
fixed length control field 00841nam a22002652 4500
001 - CONTROL NUMBER
control field 0000019373
003 - CONTROL NUMBER IDENTIFIER
control field OSt
005 - DATE AND TIME OF LATEST TRANSACTION
control field 20210415150019.0
008 - FIXED-LENGTH DATA ELEMENTS--GENERAL INFORMATION
fixed length control field 101112s xx 000 0 eng d
020 ## - INTERNATIONAL STANDARD BOOK NUMBER
International Standard Book Number 1337614688
040 ## - CATALOGING SOURCE
Original cataloging agency KABU
Transcribing agency KABU
050 ## - LIBRARY OF CONGRESS CALL NUMBER
Classification number HF5635
Item number .W34 2018 c.1
100 1# - MAIN ENTRY--PERSONAL NAME
Personal name Wahlen, James M.
245 10 - TITLE STATEMENT
Title Financial reporting, financial statement analysis, and valuation :
Remainder of title a strategic perspective /
Statement of responsibility, etc. James M. Wahlen, Stephen P. Baginski, Mark T. Bradshaw.
250 ## - EDITION STATEMENT
Edition statement 9th ed.
260 ## - PUBLICATION, DISTRIBUTION, ETC. (IMPRINT)
Place of publication, distribution, etc. Mason, OH :
Name of publisher, distributor, etc. South-Wester,
Date of publication, distribution, etc. 2018.
300 ## - PHYSICAL DESCRIPTION
Extent 3 vol. ( various pagings)
650 #0 - SUBJECT ADDED ENTRY--TOPICAL TERM
Topical term or geographic name as entry element Accounting.
650 #0 - SUBJECT ADDED ENTRY--TOPICAL TERM
Topical term or geographic name as entry element Financial statements.
700 1# - ADDED ENTRY--PERSONAL NAME
Personal name Baginski, Stephen P.
700 1# - ADDED ENTRY--PERSONAL NAME
Personal name Bradshaw, Mark T.
908 ## - PUT COMMAND PARAMETER (RLIN)
Put command parameter 101112
942 ## - ADDED ENTRY ELEMENTS (KOHA)
Source of classification or shelving scheme Library of Congress Classification
Koha item type General Collection
Holdings
Withdrawn status Lost status Source of classification or shelving scheme Not for loan Home library Current library Date acquired Cost, normal purchase price Total Checkouts Full call number Barcode Date last seen Price effective from Koha item type
    Library of Congress Classification   Kabarak, Main Campus Kabarak, Main Campus 15/04/2021 26701.00   HF5635 .W34 2018 c.1 029784 15/04/2021 15/04/2021 General Collection
    Library of Congress Classification   Kabarak, Main Campus Kabarak, Main Campus 15/04/2021 26701.00   HF5635 .W34 2018 c.2 029785 15/04/2021 15/04/2021 General Collection
    Library of Congress Classification   Kabarak, Nakuru City Campus Kabarak, Nakuru City Campus 15/04/2021 26701.00   HF5635 .W34 2018 c.1 029786 15/04/2021 15/04/2021 General Collection